Statistiques concernant chaines de télévisions françaises

Cliquez ici pour prendre le quiz!

Statistiques générales

  • Ce quiz a été pris 153 fois
  • Le résultat moyen est 12 sur 15

Statistiques - réponses

HintRéponse% Correct
1tf1
100%
2France2
99%
3France3
99%
5France5
93%
6m6
93%
7arte
89%
9w9
88%
4France4
86%
8c8
81%
11tmc
75%
12nrj12
72%
14bfmtv
68%
10tfx
49%
13lcp
45%
15france0
25%

Distribution des résultats

Percentile par nombre de réponses

% des personnes avec chaque résultat

Votre développement - résultats

Vous n’avez pas pris ce quiz